000 00284nam a2200109Ia 4500
008 200302s9999 xx 000 0 und d
100 _aBill Addis
245 _aBuilding 3000 Years of Design Engineering and Construction
260 _bPhaidon Perss Ltd.
260 _c2007
300 _a640
999 _c3359
_d3359